[Event "Festival A"]
[Site "Desenzano del Garda ITA"]
[Date "2009.06.06"]
[Round "1"]
[White "Zacco, Remo"]
[Black "Rozzi, Enzo"]
[Result "1-0"]
[WhiteElo "1940"]
[BlackElo "1499"]
[PlyCount "55"]
[EventDate "2009.06.06"]

1. e4 c5 2. Nf3 d6 3. c3 Nc6 4. d4 cxd4 5. cxd4 e6 6. Nc3 Nf6 7. Be2 Be7 8. O-O
O-O 9. h3 a6 10. Be3 b5 11. Bd3 Bb7 12. Rc1 Rc8 13. Nd2 Qd7 14. f4 g6 15. Ne2
Nh5 16. g4 Ng7 17. f5 exf5 18. exf5 Qd8 19. Ne4 gxf5 20. gxf5 Nh5 21. Nf4 Nxf4
22. Rxf4 Kh8 23. f6 Rg8+ 24. Kh2 Bf8 25. Qh5 Rg6 26. Ng5 Rxg5 27. Qxg5 Nb4 28.
Bxh7 1-0

[Event "Festival A"]
[Site "Desenzano del Garda ITA"]
[Date "2009.06.07"]
[Round "2"]
[White "Abasov, Nijat Azad Oglu"]
[Black "Tocchioni, Doriano"]
[Result "1/2-1/2"]
[WhiteElo "2486"]
[BlackElo "2321"]
[PlyCount "44"]
[EventDate "2009.06.06"]

1. e4 Nc6 2. Nf3 d6 3. d4 Nf6 4. Nc3 d5 5. e5 Ne4 6. Bd3 Bf5 7. O-O e6 8. Ne2
Be7 9. Ne1 h6 10. c3 Qd7 11. a4 f6 12. f3 Ng5 13. Bxf5 exf5 14. Nd3 fxe5 15.
dxe5 Ne6 16. Be3 O-O-O 17. Nd4 Ncxd4 18. cxd4 g5 19. f4 Rdg8 20. Qd2 Rg7 21. b4
Rhg8 22. Rf2 h5 1/2-1/2

[Event "Festival A"]
[Site "Desenzano del Garda ITA"]
[Date "2009.06.07"]
[Round "2"]
[White "Astengo, Marcello"]
[Black "Majeric, Zoran"]
[Result "0-1"]
[WhiteElo "2114"]
[BlackElo "2281"]
[PlyCount "98"]
[EventDate "2009.06.06"]

1. d4 Nf6 2. c4 e5 3. dxe5 Ng4 4. e3 Nxe5 5. Nh3 Bb4+ 6. Nd2 d5 7. cxd5 Qxd5 8.
Nf4 Qd8 9. a3 Be7 10. Be2 O-O 11. O-O c6 12. Qc2 Ng6 13. Nh5 Nd7 14. Ne4 Qc7
15. b3 f5 16. Bc4+ Kh8 17. Bb2 Nde5 18. f4 fxe4 19. fxe5 Bg4 20. Nxg7 Kxg7 21.
Qxe4 b5 22. e6+ Kg8 23. Bd3 Qd6 24. Rf7 Rxf7 25. exf7+ Kxf7 26. Rf1+ Ke8 27.
Bxb5 Bd7 28. Bc4 Kd8 29. Bg8 Be8 30. Bxh7 Rb8 31. Bg8 Rb5 32. Bc4 Rh5 33. g3
Kc7 34. Bc3 Ne5 35. Be2 Rg5 36. Qa4 Kb8 37. Rd1 Qg6 38. Kh1 c5 39. Qf4 Bc6+ 40.
Kg1 Qe4 41. Qxe4 Bxe4 42. Rf1 Bd6 43. Rf6 Kc7 44. Bb5 Rf5 45. Ba5+ Kb7 46. Rxd6
Nf3+ 47. Kg2 Nd4+ 48. Kg1 Nf3+ 49. Kg2 Ng5+ 0-1

[Event "Festival A"]
[Site "Desenzano del Garda ITA"]
[Date "2009.06.07"]
[Round "2"]
[White "Bentivegna, Francesco"]
[Black "Dinter, Brian"]
[Result "1/2-1/2"]
[WhiteElo "2326"]
[BlackElo "2130"]
[PlyCount "52"]
[EventDate "2009.06.06"]

1. e4 c6 2. Nf3 d5 3. exd5 cxd5 4. Ne5 Nf6 5. d4 Nc6 6. c3 Qb6 7. Bd3 g6 8. Nd2
Bg7 9. Ndf3 O-O 10. O-O Ng4 11. Nxc6 bxc6 12. h3 Nf6 13. Re1 e6 14. b4 Ba6 15.
Bc2 Qc7 16. Ne5 Nd7 17. Bf4 Nxe5 18. Bxe5 Bxe5 19. Rxe5 Rae8 20. Qd2 f6 21.
Ree1 e5 22. h4 e4 23. h5 g5 24. a4 Bc4 25. Qe3 h6 26. g3 f5 1/2-1/2

[Event "Festival A"]
[Site "Desenzano del Garda ITA"]
[Date "2009.06.07"]
[Round "2"]
[White "Bodiroga, Predrag"]
[Black "Romanishin, Oleg M."]
[Result "0-1"]
[WhiteElo "2422"]
[BlackElo "2501"]
[PlyCount "50"]
[EventDate "2009.06.06"]

1. d4 d5 2. c4 dxc4 3. Nf3 Nf6 4. e3 Bg4 5. Bxc4 e6 6. Nc3 Nbd7 7. h3 Bh5 8.
O-O a6 9. Be2 c5 10. d5 e5 11. e4 Bxf3 12. Bxf3 Bd6 13. Ne2 O-O 14. g4 Ne8 15.
Ng3 Be7 16. Qb3 Nd6 17. Nf5 b5 18. Bg2 Re8 19. f4 Nxf5 20. exf5 c4 21. Qc2 Bd6
22. fxe5 Nxe5 23. f6 Nd3 24. Qd2 gxf6 25. Qh6 Qb6+ 0-1

[Event "Festival A"]
[Site "Desenzano del Garda ITA"]
[Date "2009.06.07"]
[Round "2"]
[White "Brodsky, Michail"]
[Black "Vuelban, Virgilio"]
[Result "1-0"]
[WhiteElo "2524"]
[BlackElo "2422"]
[PlyCount "121"]
[EventDate "2009.06.06"]

1. d4 Nf6 2. c4 g6 3. Nc3 Bg7 4. e4 d6 5. Be2 O-O 6. Nf3 e5 7. Be3 Ng4 8. Bg5
f6 9. Bc1 Nc6 10. d5 Ne7 11. h3 Nh6 12. h4 c5 13. h5 g5 14. Nh2 Nf7 15. g4 Bd7
16. Bd2 Qb6 17. Rb1 a5 18. b3 Rfb8 19. Nf1 Qd8 20. Ne3 Bf8 21. Kf1 Nc8 22. Kg2
Na7 23. Qc2 Qe8 24. Rhc1 b6 25. a3 Rb7 26. b4 axb4 27. axb4 Rab8 28. Qd1 Qc8
29. Bd3 Qc7 30. Qf3 Be7 31. Nf5 Bf8 32. Be2 Qc8 33. Ne3 Be7 34. Bd1 Nh6 35.
bxc5 bxc5 36. Ra1 Qe8 37. Ba4 Rb2 38. Be1 Qc8 39. Bxd7 Qxd7 40. Ne2 Nc8 41. Ng3
Bd8 42. Bc3 R2b7 43. Ne2 Ra7 44. Rxa7 Qxa7 45. Ra1 Qd7 46. Kg3 Ne7 47. Qh1 Qb7
48. Qd1 Ra8 49. Rb1 Qd7 50. Rb5 Nf7 51. Qb3 Bc7 52. Kg2 Nd8 53. Ng3 Qc8 54.
Ngf5 Nxf5 55. Nxf5 Qa6 56. Qd1 Qa2 57. Ne3 Ra3 58. Qf3 Kg7 59. h6+ Kf7 60. Rb2
Qa1 61. Rb7 1-0

[Event "Festival A"]
[Site "Desenzano del Garda ITA"]
[Date "2009.06.07"]
[Round "2"]
[White "Brunello, Marina"]
[Black "Rombaldoni, Denis"]
[Result "1/2-1/2"]
[WhiteElo "2166"]
[BlackElo "2442"]
[PlyCount "98"]
[EventDate "2009.06.06"]

1. e4 c5 2. c3 Qa5 3. Na3 e6 4. Nc4 Qc7 5. d4 cxd4 6. cxd4 d5 7. exd5 exd5 8.
Ne5 Bd6 9. Ngf3 f6 10. Nd3 Ne7 11. g3 Nbc6 12. Bg2 Bg4 13. Be3 Qa5+ 14. Qd2 Bf5
15. Nc5 b6 16. Qxa5 Nxa5 17. Na4 Bd7 18. Nc3 Nc4 19. b3 Nxe3 20. fxe3 Bb4 21.
Rc1 Rc8 22. Kd2 Bf5 23. Ng1 Ba3 24. Rf1 Kd7 25. Nge2 Rc6 26. Nxd5 Rc2+ 27. Ke1
Bg4 28. Rf2 Rxa2 29. Nec3 Ra1+ 30. Kd2 Rxh1 31. Bxh1 Nxd5 32. Bxd5 h5 33. Kd3
Bb4 34. Nb5 a6 35. Nc3 Kd6 36. Bb7 Bxc3 37. Kxc3 a5 38. Kc4 Rb8 39. Be4 Rc8+
40. Kb5 Re8 41. Bh1 Rxe3 42. Kxb6 Rxb3+ 43. Kxa5 Rd3 44. d5 Rb3 45. Rd2 Bf3 46.
Bxf3 Rxf3 47. Kb4 g5 48. Kc4 f5 49. Re2 h4 1/2-1/2

[Event "Festival A"]
[Site "Desenzano del Garda ITA"]
[Date "2009.06.07"]
[Round "2"]
[White "Brunello, Sabino"]
[Black "Codenotti, Marco"]
[Result "1-0"]
[WhiteElo "2477"]
[BlackElo "2035"]
[PlyCount "65"]
[EventDate "2009.06.06"]

1. e4 c5 2. Nf3 d6 3. d4 cxd4 4. Nxd4 Nf6 5. Nc3 a6 6. Be2 e6 7. O-O Be7 8. f4
Nc6 9. Be3 Bd7 10. a4 O-O 11. Nb3 b6 12. g4 Bc8 13. g5 Nd7 14. Rf3 Bb7 15. Rh3
Na5 16. Nd4 Rc8 17. Qf1 Nb8 18. Rd1 Re8 19. Bg4 Rxc3 20. bxc3 Bxe4 21. Qe2 e5
22. fxe5 Bg6 23. exd6 Bxd6 24. Nf5 Bxf5 25. Bxf5 g6 26. Qd3 Nb7 27. Be4 Qc8 28.
Bg2 Rd8 29. Qf1 Nc5 30. Rxh7 Qd7 31. Rh3 Bxh2+ 32. Kxh2 Qxd1 33. Bd4 1-0

[Event "Festival A"]
[Site "Desenzano del Garda ITA"]
[Date "2009.06.07"]
[Round "2"]
[White "Bruno, Elio"]
[Black "Ghidinelli, Giorgio"]
[Result "0-1"]
[WhiteElo "1696"]
[BlackElo "1843"]
[PlyCount "70"]
[EventDate "2009.06.06"]

1. d4 Nf6 2. c4 g6 3. Nc3 e6 4. Bg5 Bg7 5. e4 h6 6. Bh4 g5 7. Bg3 d6 8. Qd2 Nh5
9. Be2 Nxg3 10. hxg3 Nc6 11. d5 Nd4 12. Bh5 exd5 13. cxd5 Qf6 14. O-O-O Bd7 15.
e5 dxe5 16. Ne4 Qe7 17. Qa5 O-O 18. Qd2 f5 19. Nc3 b5 20. Nce2 c5 21. dxc6 Bxc6
22. f3 b4 23. Nxd4 exd4 24. Kb1 a5 25. Re1 Qf6 26. Qd3 Qd6 27. g4 Qc5 28. gxf5
Rxf5 29. Rc1 Bb5 30. Qe4 Qf8 31. Qe6+ Kh8 32. Rc7 Re5 33. Qb3 Re1+ 34. Kc2 Qf4
35. Qd5 d3+ 0-1

[Event "Festival A"]
[Site "Desenzano del Garda ITA"]
[Date "2009.06.07"]
[Round "2"]
[White "Bruno, Fabio"]
[Black "Frolyanov, Dmitry"]
[Result "1/2-1/2"]
[WhiteElo "2441"]
[BlackElo "2559"]
[PlyCount "85"]
[EventDate "2009.06.06"]

1. Nf3 d5 2. d4 Nf6 3. e3 e6 4. Bd3 c5 5. c3 Nc6 6. Nbd2 Bd6 7. O-O O-O 8. Qe2
e5 9. dxc5 Bxc5 10. e4 Re8 11. exd5 Nxd5 12. Ne4 Nf4 13. Bxf4 exf4 14. Qc2 Be7
15. Rad1 Qc7 16. Rfe1 h6 17. Nd6 Rf8 18. Nxc8 Raxc8 19. Bh7+ Kh8 20. Bf5 Rcd8
21. Qb3 Bf6 22. Qc4 g6 23. Bc2 Kg7 24. h3 Qb6 25. Rxd8 Rxd8 26. Bb3 Qc7 27. Rd1
Re8 28. Rd6 Re7 29. Rd5 a6 30. Qd3 Na5 31. Rd6 Nxb3 32. axb3 Qa5 33. Kh2 Qc5
34. Kg1 a5 35. Rd5 Qc7 36. Qc4 Qb6 37. Rb5 Qd6 38. Qd5 Qc7 39. Rc5 Qb6 40. Rb5
Qc7 41. Qc4 Qd6 42. Rd5 Qb6 43. Rb5 1/2-1/2

[Event "Festival A"]
[Site "Desenzano del Garda ITA"]
[Date "2009.06.07"]
[Round "2"]
[White "Chiodini, Pietro"]
[Black "Conti, Ferdinando"]
[Result "1-0"]
[WhiteElo "1816"]
[BlackElo "1640"]
[PlyCount "85"]
[EventDate "2009.06.06"]

1. Nc3 Nf6 2. f4 d5 3. e3 c5 4. d4 cxd4 5. exd4 a6 6. Nf3 Nc6 7. Bd3 Bg4 8. Be3
e6 9. O-O Bd6 10. Qe1 Bxf3 11. Rxf3 Nb4 12. Qe2 Ng4 13. Raf1 Qf6 14. Rh3 Nxe3
15. Qxe3 Nc6 16. Ne2 O-O-O 17. c3 g6 18. b4 Na7 19. Nc1 Bc7 20. Nb3 Bb6 21. a4
Nc6 22. b5 axb5 23. axb5 Na7 24. Rc1 Kd7 25. Nc5+ Bxc5 26. dxc5 Ra8 27. Ra1
Qxc3 28. c6+ Nxc6 29. bxc6+ bxc6 30. Rxa8 Rxa8 31. Rxh7 Ra1+ 32. Kf2 Ra2+ 33.
Be2 Qf6 34. Qe5 Qe7 35. Qb8 Qc5+ 36. Kf3 Ra3+ 37. Kg4 Qe7 38. Qb7+ Kd6 39. Rxf7
Qxb7 40. Rxb7 Re3 41. Bf3 d4 42. Kg5 e5 43. fxe5+ 1-0

[Event "Festival A"]
[Site "Desenzano del Garda ITA"]
[Date "2009.06.06"]
[Round "2"]
[White "De Paoli, Emilio"]
[Black "Salvador, Roland"]
[Result "0-1"]
[WhiteElo "1967"]
[BlackElo "2445"]
[PlyCount "60"]
[EventDate "2009.06.06"]

1. Nc3 d5 2. d4 Nf6 3. Bg5 h6 4. Bh4 Bf5 5. e3 c6 6. Bd3 e6 7. Bxf5 exf5 8. Qd3
g6 9. f3 Be7 10. Nge2 Nbd7 11. O-O O-O 12. Rae1 Re8 13. Qd2 Qb6 14. Kh1 Rad8
15. e4 Nxe4 16. Qxh6 Bxh4 17. Qxh4 Nxc3 18. bxc3 Qb2 19. Ng3 Qxc2 20. Re2 Qd3
21. Rfe1 Nf8 22. h3 Rxe2 23. Rxe2 Rd6 24. Re8 Re6 25. Rc8 Re1+ 26. Kh2 Qe3 27.
Ne2 Rxe2 28. Qd8 Qe7 29. Qa5 Qd6+ 30. Kg1 Qg3 0-1

[Event "Festival A"]
[Site "Desenzano del Garda ITA"]
[Date "2009.06.07"]
[Round "2"]
[White "Dvirnyy, Danyyil"]
[Black "Vocaturo, Daniele"]
[Result "0-1"]
[WhiteElo "2459"]
[BlackElo "2480"]
[PlyCount "98"]
[EventDate "2009.06.06"]

1. e4 e5 2. Nf3 Nc6 3. Bb5 a6 4. Ba4 Nf6 5. O-O Be7 6. Re1 b5 7. Bb3 d6 8. c3
O-O 9. h3 Na5 10. Bc2 c5 11. d4 Qc7 12. Nbd2 Bd7 13. Nf1 Nc4 14. d5 Nb6 15. g4
h5 16. N3h2 hxg4 17. hxg4 Nh7 18. Ng3 Bg5 19. Bxg5 Nxg5 20. Kg2 g6 21. Nhf1 Kg7
22. Qd2 Qd8 23. Ne3 Rh8 24. Rh1 Qf6 25. Qe2 Qf4 26. f3 Nc4 27. Nxc4 bxc4 28.
Qf2 Rab8 29. b3 Bb5 30. Rad1 Qf6 31. Qe3 a5 32. Rxh8 Rxh8 33. Rh1 Rb8 34. Bd1
cxb3 35. axb3 Qf4 36. Qxf4 exf4 37. c4 Bxc4 38. bxc4 fxg3 39. Ba4 Rb4 40. Bb5
Rb2+ 41. Kxg3 Rb3 42. e5 dxe5 43. Rf1 Ne4+ 44. Kg2 Nd6 45. Ra1 Nxb5 46. cxb5
Rxb5 47. g5 Kf8 48. Re1 c4 49. Rxe5 c3 0-1

[Event "Festival A"]
[Site "Desenzano del Garda ITA"]
[Date "2009.06.07"]
[Round "2"]
[White "Genocchio, Daniele"]
[Black "Lenic, Luka"]
[Result "0-1"]
[WhiteElo "2445"]
[BlackElo "2574"]
[PlyCount "69"]
[EventDate "2009.06.06"]

1. e4 c5 2. Nc3 e6 3. g3 Nc6 4. Bg2 g6 5. d3 Bg7 6. Be3 d6 7. Qd2 Nd4 8. Nd1
Ne7 9. c3 Ndc6 10. Ne2 b6 11. d4 Ba6 12. f4 Qc7 13. Rc1 O-O 14. O-O Rac8 15. d5
exd5 16. exd5 Na5 17. b3 Nf5 18. Bf2 Rce8 19. Bf3 h5 20. Re1 Re7 21. Kg2 Rfe8
22. Ng1 Rxe1 23. Bxe1 Bc8 24. Bf2 Nb7 25. Ne3 Nxe3+ 26. Bxe3 b5 27. Bf2 a5 28.
a3 Bf5 29. c4 a4 30. b4 cxb4 31. Qxb4 Na5 32. Qxb5 Bd7 33. Qb6 Qxb6 34. Bxb6
Nb3 35. Rc2 0-1

[Event "Festival A"]
[Site "Desenzano del Garda ITA"]
[Date "2009.06.07"]
[Round "2"]
[White "Ignacz, Maria"]
[Black "Bertani, Gianfranco"]
[Result "1/2-1/2"]
[WhiteElo "2197"]
[BlackElo "2102"]
[PlyCount "131"]
[EventDate "2009.06.06"]

1. d4 f5 2. c4 Nf6 3. g3 e6 4. Bg2 d5 5. Nf3 c6 6. O-O Be7 7. Nbd2 O-O 8. Ne5
Nbd7 9. Ndf3 Ne4 10. Qc2 Qe8 11. Nxd7 Bxd7 12. Ne5 Rd8 13. Be3 g5 14. f3 Nf6
15. Qc1 Qh5 16. b3 f4 17. Bf2 Qh6 18. Qd2 Qg7 19. Rae1 Bc8 20. e4 dxe4 21. fxe4
Ne8 22. Qc1 Bd6 23. gxf4 gxf4 24. Bh4 Bxe5 25. dxe5 Rd7 26. Rxf4 Qxe5 27. Rxf8+
Kxf8 28. Rf1+ Kg8 29. Bg3 Qd4+ 30. Kh1 Qd2 31. Qa3 Rf7 32. Rxf7 Kxf7 33. Qxa7
Qd1+ 34. Qg1 Qxg1+ 35. Kxg1 Kf6 36. e5+ Kg5 37. b4 Ng7 38. Be4 Nf5 39. Kf2 Kg4
40. c5 h5 41. Bf3+ Kg5 42. h3 Nxg3 43. Kxg3 h4+ 44. Kf2 Kf4 45. a4 Kxe5 46. Ke3
Bd7 47. a5 Kf6 48. Bg4 Ke5 49. Bf3 Kf6 50. b5 Bc8 51. bxc6 bxc6 52. Bxc6 Ba6
53. Kf4 Bc8 54. Bb5 e5+ 55. Ke3 Ke7 56. a6 Kd8 57. a7 Bb7 58. c6 Ba8 59. Ke4
Kc7 60. Kxe5 Kb6 61. Kd6 Bxc6 62. Bxc6 Kxa7 63. Kc7 Ka6 64. Bb7+ Ka7 65. Bc8
Ka8 66. Kd7 1/2-1/2

[Event "Festival A"]
[Site "Desenzano del Garda ITA"]
[Date "2009.06.07"]
[Round "2"]
[White "Ignacz, Rozsa"]
[Black "Bolico, Exfelicos"]
[Result "0-1"]
[WhiteElo "2099"]
[BlackElo "2194"]
[PlyCount "58"]
[EventDate "2009.06.06"]

1. d4 Nf6 2. c4 g6 3. Nc3 Bg7 4. Nf3 d6 5. Bg5 Nbd7 6. e3 O-O 7. Be2 c6 8. O-O
h6 9. Bxf6 Nxf6 10. h3 Qc7 11. Re1 e5 12. Qc2 Bf5 13. Bd3 Bxd3 14. Qxd3 Rad8
15. Qc2 Qe7 16. dxe5 dxe5 17. Red1 Nd7 18. Rd2 f5 19. Rad1 e4 20. Nd4 Nc5 21.
Nce2 Nd3 22. Nc1 c5 23. Nb5 Nxb2 24. Rxd8 Rxd8 25. Rxd8+ Qxd8 26. Nxa7 Qa5 27.
Nb5 Qe1+ 28. Kh2 Be5+ 29. g3 Nd3 0-1

[Event "Festival A"]
[Site "Desenzano del Garda ITA"]
[Date "2009.06.07"]
[Round "2"]
[White "Korneev, Oleg"]
[Black "Efimov, Igor"]
[Result "1-0"]
[WhiteElo "2587"]
[BlackElo "2439"]
[PlyCount "99"]
[EventDate "2009.06.06"]

1. e4 c5 2. Nf3 a6 3. c3 d6 4. d4 Nd7 5. Bd3 Qc7 6. O-O Ngf6 7. Qe2 e5 8. dxe5
dxe5 9. a4 Be7 10. a5 Nf8 11. Bc2 Ng6 12. Ba4+ Bd7 13. Bxd7+ Qxd7 14. c4 Rd8
15. Nc3 O-O 16. Bg5 Nh5 17. Nxe5 Nxe5 18. Qxh5 Bxg5 19. Qxg5 Nxc4 20. Rfd1 Qe8
21. Qxc5 Rxd1+ 22. Rxd1 Qc6 23. Qxc6 bxc6 24. Rd4 Nxa5 25. Ra4 Nb3 26. Rxa6 Rc8
27. f3 h5 28. Kf2 Nc5 29. Rb6 Nd7 30. Rb7 Nc5 31. Rb6 Nd7 32. Rb4 Kf8 33. Ke3
Ke8 34. h4 Ra8 35. Ne2 Ra1 36. Nf4 g6 37. Rc4 Ra6 38. Nd3 Ke7 39. Nb4 Rb6 40.
Nxc6+ Kd6 41. Nb4 Nc5 42. e5+ Kd7 43. Nd5 Rb3+ 44. Rc3 Rb5 45. f4 Na4 46. Rc7+
Kd8 47. Ra7 Nxb2 48. Kd4 Nd1 49. Rxf7 Rb2 50. e6 1-0

[Event "Festival A"]
[Site "Desenzano del Garda ITA"]
[Date "2009.06.07"]
[Round "2"]
[White "Matseyko, Katerina"]
[Black "Stella, Andrea"]
[Result "0-1"]
[WhiteElo "2241"]
[BlackElo "2276"]
[PlyCount "64"]
[EventDate "2009.06.06"]

1. Nf3 e6 2. b3 f5 3. Bb2 Nf6 4. e3 Be7 5. Be2 O-O 6. O-O Qe8 7. c4 d6 8. d3
Qg6 9. Nbd2 b6 10. b4 e5 11. a4 e4 12. Ne1 Bb7 13. Nb3 Nbd7 14. a5 Rab8 15. d4
c5 16. axb6 axb6 17. dxc5 dxc5 18. bxc5 bxc5 19. Ra7 Rfd8 20. Na5 Ba8 21. Qa1
Bd6 22. Nc2 f4 23. exf4 e3 24. Nxe3 Bxf4 25. g3 Bxe3 26. fxe3 Qe4 27. Rxa8
Qxe3+ 28. Kh1 Rxa8 29. Bf3 Ra6 30. Bg2 Qd2 31. Bc3 Qd6 32. Qd1 Rf8 0-1

[Event "Festival A"]
[Site "Desenzano del Garda ITA"]
[Date "2009.06.07"]
[Round "2"]
[White "Mettifogo, Claudio Francesco"]
[Black "Naumkin, Igor"]
[Result "0-1"]
[WhiteElo "1440"]
[BlackElo "2488"]
[PlyCount "66"]
[EventDate "2009.06.06"]

1. e4 e6 2. d4 d5 3. Nd2 Nc6 4. c3 e5 5. exd5 Qxd5 6. Qf3 Qxf3 7. Ngxf3 exd4 8.
Bd3 dxc3 9. bxc3 Nf6 10. O-O Be7 11. Re1 Nd5 12. Ne4 O-O 13. Bb2 Bg4 14. Nd4
Nxd4 15. cxd4 Nb4 16. Bb1 Rfe8 17. a3 Nd5 18. Ba2 Be6 19. Rad1 Rad8 20. Bb1 c6
21. Rd3 Bf5 22. f3 Rf8 23. Rf1 Nf4 24. Rd2 Be6 25. g3 Nh3+ 26. Kg2 Ng5 27. g4
Bd5 28. Rdf2 Ne6 29. f4 Bf6 30. Kg3 Bxd4 31. Bxd4 Nxd4 32. Ng5 h6 33. Nf3 Nxf3
0-1

[Event "Festival A"]
[Site "Desenzano del Garda ITA"]
[Date "2009.06.07"]
[Round "2"]
[White "Oppici, Gabriele"]
[Black "Facchetti, Gianni"]
[Result "1/2-1/2"]
[WhiteElo "2048"]
[BlackElo "2174"]
[PlyCount "69"]
[EventDate "2009.06.06"]

1. Nc3 e5 2. Nf3 d6 3. d4 Nd7 4. e4 Be7 5. Be3 Ngf6 6. h3 c6 7. a4 a5 8. Bd3
Qc7 9. Ne2 Nf8 10. c3 Ng6 11. Nd2 d5 12. Bc2 dxe4 13. Nxe4 Nd5 14. Bc1 exd4 15.
Nxd4 O-O 16. O-O Ndf4 17. Re1 Bd7 18. Qf3 Rae8 19. Bd2 Bc8 20. Ng3 Bg5 21. Bxf4
Qxf4 22. Qxf4 Bxf4 23. Rad1 c5 24. Nb5 Rxe1+ 25. Rxe1 Rd8 26. Ne4 b6 27. Bb3
Kf8 28. g3 f5 29. gxf4 fxe4 30. Rxe4 Bxh3 31. Nc7 Bf5 32. Ne6+ Bxe6 33. Rxe6
Rb8 34. f5 Nf4 35. Re5 1/2-1/2

[Event "Festival A"]
[Site "Desenzano del Garda ITA"]
[Date "2009.06.07"]
[Round "2"]
[White "Piscopo, Pierluigi"]
[Black "Valsecchi, Alessio"]
[Result "1/2-1/2"]
[WhiteElo "2405"]
[BlackElo "2363"]
[PlyCount "85"]
[EventDate "2009.06.06"]

1. e4 e5 2. Nf3 Nc6 3. Bc4 Nf6 4. d3 Be7 5. O-O O-O 6. Re1 d6 7. c3 Kh8 8. Nbd2
Ng8 9. d4 Bf6 10. dxe5 Nxe5 11. Be2 Ne7 12. Nxe5 dxe5 13. a4 Ng6 14. Nc4 Be6
15. Qxd8 Rfxd8 16. g3 Be7 17. Be3 f6 18. Na5 b6 19. Nc6 Rd6 20. Nxe7 Nxe7 21.
a5 Rdd8 22. Ra3 Nc6 23. b4 Rac8 24. f3 Rd6 25. Kf2 h6 26. Rea1 Bg8 27. Rd1 Rxd1
28. Bxd1 Bc4 29. Be2 Bxe2 30. Kxe2 Kg8 31. g4 Kf7 32. h4 Ke6 33. h5 Rb8 34. a6
Rc8 35. Ra2 Rd8 36. Rd2 Rxd2+ 37. Kxd2 Nb8 38. b5 Kd6 39. Kd3 Nd7 40. Kc4 Ke6
41. Bc1 Kd6 42. Ba3+ c5 43. Bc1 1/2-1/2

[Event "Festival A"]
[Site "Desenzano del Garda ITA"]
[Date "2009.06.07"]
[Round "2"]
[White "Rasmussen, Allan Stig"]
[Black "Tiengo, Davide"]
[Result "1-0"]
[WhiteElo "2501"]
[BlackElo "2070"]
[PlyCount "63"]
[EventDate "2009.06.06"]

1. e4 c5 2. Nf3 Nc6 3. d4 cxd4 4. Nxd4 e5 5. Nb5 d6 6. c4 a6 7. N5c3 Nf6 8. Na3
Be7 9. Nc2 Be6 10. Be2 O-O 11. O-O Rb8 12. Be3 Re8 13. Rc1 Nd7 14. Qd2 Qa5 15.
a3 f5 16. b4 Qd8 17. exf5 Bxf5 18. Nd5 Nf6 19. b5 axb5 20. cxb5 Ne4 21. Qd1 Bf8
22. f3 Nd4 23. fxe4 Nxe2+ 24. Qxe2 Bxe4 25. Bb6 Bxd5 26. Bxd8 Rbxd8 27. Nb4 Bf7
28. Rxf7 Kxf7 29. Rc7+ Kg8 30. Nd5 Ra8 31. Qh5 e4 32. Nf6+ 1-0

[Event "Festival A"]
[Site "Desenzano del Garda ITA"]
[Date "2009.06.07"]
[Round "2"]
[White "Rombaldoni, Axel"]
[Black "Doluhanova, Evgeniya"]
[Result "1/2-1/2"]
[WhiteElo "2363"]
[BlackElo "2240"]
[PlyCount "246"]
[EventDate "2009.06.06"]

1. e4 c5 2. Nf3 Nc6 3. Nc3 d6 4. d4 cxd4 5. Nxd4 e5 6. Nf5 Nf6 7. Bg5 Bxf5 8.
exf5 Be7 9. Bxf6 Bxf6 10. Nd5 O-O 11. c3 e4 12. Be2 Be5 13. O-O Qg5 14. f4 exf3
15. Rxf3 Rae8 16. Bd3 Ne7 17. h4 Qh5 18. Ne3 Nc6 19. g3 d5 20. Nxd5 Rd8 21. Be4
Rfe8 22. Rd3 Qh6 23. Ne7+ Nxe7 24. Rxd8 Qb6+ 25. Rd4 Rd8 26. Kh1 Bxd4 27. cxd4
Rxd4 28. Qf3 Qb4 29. a3 Qd2 30. Rf1 Nd5 31. g4 Ne3 32. Rg1 b6 33. f6 gxf6 34.
Bb1 Nd5 35. Qf5 Qh6 36. h5 Qe3 37. Qc8+ Kg7 38. Qc2 Qh3+ 39. Qh2 Qxh2+ 40. Kxh2
Ne3 41. Kh3 Rd2 42. b4 Rb2 43. Kh4 h6 44. Be4 Rb3 45. Rc1 Rxa3 46. Rc7 f5 47.
gxf5 Kf6 48. Bb1 Rb3 49. Ba2 Nxf5+ 50. Kg4 Rxb4+ 51. Kh3 Rh4+ 52. Kg2 Nd6 53.
Rd7 Ke5 54. Re7+ Kd4 55. Rxa7 b5 56. Rc7 Rxh5 57. Rc6 Nc4 58. Rf6 Kc3 59. Rxf7
Rg5+ 60. Kh2 Kb2 61. Rf2+ Ka3 62. Bb1 b4 63. Bc2 Ne3 64. Rf3 Kb2 65. Ba4 Nd5
66. Rb3+ Ka2 67. Rd3 Rh5+ 68. Kg1 Nc3 69. Bd7 Kb2 70. Be6 Re5 71. Bf7 Kc2 72.
Rf3 Rg5+ 73. Kh2 Nd5 74. Be8 Re5 75. Ba4+ Kd2 76. Rf8 Nb6 77. Bb3 Re2+ 78. Kg1
Re3 79. Bg8 Kc3 80. Kf2 Rh3 81. Kg2 Rh5 82. Rf3+ Kd4 83. Rf4+ Kc5 84. Bb3 Rg5+
85. Kh2 h5 86. Rf7 Nd5 87. Rf8 Ne3 88. Rd8 Rg4 89. Kh3 Rd4 90. Rc8+ Kd6 91.
Rd8+ Ke5 92. Re8+ Kf4 93. Bf7 Nf5 94. Rb8 h4 95. Be6 Nd6 96. Bg8 Ke3 97. Rb6
Kd2 98. Rc6 Nf5 99. Rc5 Ne3 100. Bf7 Nd1 101. Rc7 Nf2+ 102. Kg2 Ne4 103. Kh2
Ng5 104. Bg8 Rd8 105. Bb3 Rd3 106. Bg8 Rc3 107. Rb7 Rh3+ 108. Kg2 Kc3 109. Rc7+
Kb2 110. Rc4 Rg3+ 111. Kf1 b3 112. Rxh4 Nf3 113. Rh8 Nd2+ 114. Kf2 Ne4+ 115.
Ke2 Nc3+ 116. Kf2 Ne4+ 117. Ke2 Kc3 118. Bxb3 Kxb3 119. Rb8+ Kc4 120. Rc8+ Nc5
121. Kf2 Rd3 122. Ke2 Rd6 123. Ke3 Re6+ 1/2-1/2

[Event "Festival A"]
[Site "Desenzano del Garda ITA"]
[Date "2009.06.07"]
[Round "2"]
[White "Rota, Simone"]
[Black "Grigore, George-Gabriel"]
[Result "0-1"]
[WhiteElo "1997"]
[BlackElo "2542"]
[PlyCount "88"]
[EventDate "2009.06.06"]

1. d4 Nf6 2. c4 c5 3. Nf3 cxd4 4. Nxd4 e5 5. Nb5 d5 6. cxd5 Bc5 7. e3 O-O 8.
Bc4 a6 9. N5c3 e4 10. a3 Re8 11. Ne2 Nbd7 12. b4 Bd6 13. Bb2 Ne5 14. Bxe5 Bxe5
15. Ra2 Bd7 16. h3 h5 17. Nd4 Rc8 18. Rc2 Qb6 19. O-O Bb8 20. Rc1 Qd6 21. f4
exf3 22. Qxf3 Qh2+ 23. Kf2 Bg4 24. hxg4 Nxg4+ 25. Ke2 Rxe3+ 26. Qxe3 Nxe3 27.
Kxe3 b5 28. Nc6 Re8+ 29. Kd4 Be5+ 30. Kc5 bxc4 31. Kxc4 Bd6 32. Nc3 Qxg2 33.
Rg1 Qd2 34. Rcd1 Qe3 35. Rh1 Qf3 36. Rhf1 Qg4+ 37. Rd4 Qg2 38. Rfd1 Re3 39. a4
h4 40. R1d2 Qf1+ 41. Kb3 h3 42. Kc2 h2 43. Rxh2 Bxh2 44. d6 Qg2+ 0-1

[Event "Festival A"]
[Site "Desenzano del Garda ITA"]
[Date "2009.06.07"]
[Round "2"]
[White "Stella, Luca"]
[Black "Rotstein, Arkadij"]
[Result "0-1"]
[WhiteElo "1942"]
[BlackElo "2526"]
[PlyCount "84"]
[EventDate "2009.06.06"]

1. e4 c5 2. Nf3 e6 3. d3 b6 4. g3 Bb7 5. Bg2 d6 6. O-O Nd7 7. Nc3 Be7 8. Bd2 a6
9. Qe2 Bf6 10. Rae1 Ne7 11. Nd1 Nc6 12. Ne3 Nde5 13. c3 Qd7 14. Nxe5 dxe5 15.
Nc4 Qc7 16. Be3 O-O 17. f4 b5 18. Nd2 exf4 19. gxf4 Be7 20. Rf3 Rad8 21. Rh3 g6
22. Kh1 Qd6 23. Bf2 Qd7 24. Rg1 f5 25. Bf1 Rf7 26. Qh5 Rg7 27. Qh6 c4 28. Be2
Bf8 29. Bh4 cxd3 30. Rxd3 Qxd3 31. Bxd3 Rxd3 32. Bf6 Ne7 33. Bxg7 Bxg7 34. Qh4
Rxd2 35. Re1 Kf7 36. Qg3 Rxb2 37. Qd3 Bxe4+ 38. Rxe4 fxe4 39. Qxe4 Rxa2 40. c4
Ra4 41. Qb7 bxc4 42. Qd7 Ra2 0-1

[Event "Festival A"]
[Site "Desenzano del Garda ITA"]
[Date "2009.06.07"]
[Round "2"]
[White "Sulava, Nenad"]
[Black "Shoker, Samy"]
[Result "1-0"]
[WhiteElo "2521"]
[BlackElo "2404"]
[PlyCount "75"]
[EventDate "2009.06.06"]

1. b3 d5 2. Bb2 Nf6 3. Nf3 g6 4. c4 dxc4 5. bxc4 Bg7 6. g3 O-O 7. Bg2 c5 8. O-O
Nc6 9. d3 a6 10. Nbd2 Qc7 11. Rb1 Rb8 12. Qc2 h6 13. Bc3 e5 14. Qb2 Re8 15. Qb6
Qxb6 16. Rxb6 Nd7 17. Rb2 b5 18. Nh4 Nd4 19. Bxd4 exd4 20. Rfb1 b4 21. Nb3 Bb7
22. Bh3 Nb6 23. Nxc5 Bf8 24. Nd7 Nxd7 25. Bxd7 Re5 26. Bh3 g5 27. Ng2 Bxg2 28.
Bxg2 a5 29. a3 Rc8 30. axb4 axb4 31. Bf3 Kg7 32. Kg2 f5 33. h3 Rb8 34. g4 fxg4
35. Be4 gxh3+ 36. Kxh3 Be7 37. e3 dxe3 38. fxe3 1-0